000 00651nam a2200229Ia 4500
003 OSt
005 20220925231844.0
006 a|||||r|||| 00| 0
007 ta
008 220923b |||||||| |||| 00| 0 eng d
037 _cGeneral Book
040 _aRTL
_cRTL
_beng
041 _2eng
_aeng
082 _aX:8, N1
100 _aGrant Robert M
_9235924
245 0 _aContemporary strategy analysis
_b Concepts, techniques
260 _aMassachusetts
_bBasil Blackwell Publications
_c1991
300 _ax,394p
_ccm.
650 _aManagement
_930681
942 _hX:8, N1
_cGB
_2CC
999 _c589642
_d589642